000 00414nam a2200169Ia 4500
003 LK-CoDNM
005 20240806121300.0
008 010623t1850 xxu||||| |||| 00| 1 eng d
040 _aLK-CoDNM
_dLK-CoDNM
_eLK-CoDNM
041 _aeng
080 _a16
_bL14
100 _aHardy,R.Spence.
245 _aEastern Monachism
260 _bPartridge Oakey
_aLondon
_c1850
300 _bxi, 443p. ; 21 cm
942 _cBK
999 _c81291
_d81291